<?xml version="1.0" encoding="UTF-8"?><?xml-stylesheet type="text/xsl" href="static/style.xsl"?><OAI-PMH xmlns="http://www.openarchives.org/OAI/2.0/" xmlns:xsi="http://www.w3.org/2001/XMLSchema-instance" xsi:schemaLocation="http://www.openarchives.org/OAI/2.0/ http://www.openarchives.org/OAI/2.0/OAI-PMH.xsd"><responseDate>2026-04-29T19:34:57Z</responseDate><request verb="GetRecord" identifier="oai:repisalud.isciii.es:20.500.12105/19453" metadataPrefix="marc">https://repisalud.isciii.es/rest/oai/request</request><GetRecord><record><header><identifier>oai:repisalud.isciii.es:20.500.12105/19453</identifier><datestamp>2024-09-27T15:56:46Z</datestamp><setSpec>com_20.500.12105_2052</setSpec><setSpec>com_20.500.12105_2051</setSpec><setSpec>col_20.500.12105_19608</setSpec></header><metadata><record xmlns="http://www.loc.gov/MARC21/slim" xmlns:dcterms="http://purl.org/dc/terms/" xmlns:doc="http://www.lyncode.com/xoai" xmlns:xsi="http://www.w3.org/2001/XMLSchema-instance" xsi:schemaLocation="http://www.loc.gov/MARC21/slim http://www.loc.gov/standards/marcxml/schema/MARC21slim.xsd">
   <leader>00925njm 22002777a 4500</leader>
   <datafield ind2=" " ind1=" " tag="042">
      <subfield code="a">dc</subfield>
   </datafield>
   <datafield ind2=" " ind1=" " tag="720">
      <subfield code="a">Sierra, MJ</subfield>
      <subfield code="e">author</subfield>
   </datafield>
   <datafield ind2=" " ind1=" " tag="720">
      <subfield code="a">Soler-Crespo, Pilar</subfield>
      <subfield code="e">author</subfield>
   </datafield>
   <datafield ind2=" " ind1=" " tag="720">
      <subfield code="a">Rivera, S</subfield>
      <subfield code="e">author</subfield>
   </datafield>
   <datafield ind2=" " ind1=" " tag="720">
      <subfield code="a">Simon-Soria, Fernando</subfield>
      <subfield code="e">author</subfield>
   </datafield>
   <datafield ind2=" " ind1=" " tag="720">
      <subfield code="a">Cano-Portero, Rosa</subfield>
      <subfield code="e">author</subfield>
   </datafield>
   <datafield ind2=" " ind1=" " tag="720">
      <subfield code="a">Estrategia de Vigilancia en Salud Pública</subfield>
      <subfield code="e">author</subfield>
   </datafield>
   <datafield ind2=" " ind1=" " tag="260">
      <subfield code="c">2023</subfield>
   </datafield>
   <datafield ind2=" " ind1=" " tag="520">
      <subfield code="a">Antecedentes/Objetivos: El 15 de junio de 2022 el Consejo Interterritorial del SNS aprueba la Estrategia de Vigilancia en Salud Pública dando así respuesta a los compromisos consensuados en la Declaración de Zaragoza de 10 de marzo de 2022. La Estrategia establece el marco de actuación para desarrollar una vigilancia en salud pública (VSP) cohesionada y armonizada en el SNS para responder a las necesidades de información de forma oportuna. Su misión es construir una Red Estatal de Vigilancia en Salud Pública que coordine los sistemas necesarios para vigilar el estado de salud de la población. Métodos: Para la elaboración, seguimiento y evaluación de la Estrategia se han constituido dos comités, el Comité institucional (es la Comisión de Salud Pública), y el Comité técnico constituido por representantes de las comunidades autónomas, Ceuta y Melilla (CC. AA.), del Ministerio de Consumo, del ISCIII y del MS. La coordinación de la Estrategia es responsabilidad del MS que realiza a su vez las funciones de Secretaría técnica de la misma. Resultados: La Estrategia define 7 líneas estratégicas: desarrollo homogéneo y eficaz de la VSP; política de recursos humanos; liderazgo de la VSP en la toma de decisiones; modernización de los sistemas de información; innovación e investigación en VSP; pautas éticas, deberes y obligaciones en la VSP y; estructura y gobernanza de la Red Estatal de VSP. Además, establece un conjunto de 30 objetivos y 70 acciones para alcanzar los objetivos. Establece una evaluación de su implementación a los 5 años de su aprobación a través de 44 indicadores. Se presentan los resultados de las acciones iniciadas desde su aprobación entre las que destaca: la tramitación del Proyecto del Real Decreto por el que se crea la Red Estatal de VSP, el análisis de la situación de la VSP en el SNS, implementación de una política de recursos humanos, interoperabilidad de las fuentes de información y automatización de procesos de acceso a los datos. Conclusiones/Recomendaciones: Por primera vez el SNS dispone de una estrategia para el desarrollo de la VSP. Esta estrategia establece el marco para el desarrollo de la VSP entre las CC. AA. y el nivel central. La creación de la Red Estatal de Vigilancia en Salud Pública por Real Decreto dará el soporte necesario para integrar la vigilancia del estado de salud de la población en términos de bienestar, morbilidad y mortalidad y de los riesgos, determinantes, inequidades y factores que la condicionan.</subfield>
   </datafield>
   <datafield ind1="8" ind2=" " tag="024">
      <subfield code="a">Gac Sanit. 2023;37(S1):20-21.</subfield>
   </datafield>
   <datafield ind1="8" ind2=" " tag="024">
      <subfield code="a">http://hdl.handle.net/20.500.12105/19453</subfield>
   </datafield>
   <datafield tag="653" ind2=" " ind1=" ">
      <subfield code="a">Estrategia de Vigilancia en Salud Pública</subfield>
   </datafield>
   <datafield tag="653" ind2=" " ind1=" ">
      <subfield code="a">Salud Pública</subfield>
   </datafield>
   <datafield tag="653" ind2=" " ind1=" ">
      <subfield code="a">Vigilancia epidemiológica</subfield>
   </datafield>
   <datafield ind2="0" ind1="0" tag="245">
      <subfield code="a">Dónde estamos un año después de la aprobación de la estrategia de vigilancia en salud pública</subfield>
   </datafield>
</record></metadata></record></GetRecord></OAI-PMH>